header

Recommend this! : (Record no. 91932)

MARC details
000 -LEADER
fixed length control field 01796nam a2200421 i 4500
001 - CONTROL NUMBER
control field ebr10830391
003 - CONTROL NUMBER IDENTIFIER
control field CaPaEBR
006 - FIXED-LENGTH DATA ELEMENTS--ADDITIONAL MATERIAL CHARACTERISTICS--GENERAL INFORMATION
fixed length control field m o d
007 - PHYSICAL DESCRIPTION FIXED FIELD--GENERAL INFORMATION
fixed length control field cr cn|||||||||
008 - FIXED-LENGTH DATA ELEMENTS--GENERAL INFORMATION
fixed length control field 131204t20142014nju ob 001 0 eng|d
020 ## - INTERNATIONAL STANDARD BOOK NUMBER
Cancelled/invalid ISBN 9781118836699 (pbk. : alk. paper)
International Standard Book Number 9781118872857 (e-book)
040 ## - CATALOGING SOURCE
Original cataloging agency CaPaEBR
Language of cataloging eng
Description conventions rda
-- pn
Transcribing agency CaPaEBR
035 ## - SYSTEM CONTROL NUMBER
System control number (OCoLC)871334432
050 14 - LIBRARY OF CONGRESS CALL NUMBER
Classification number HF5415.1265
Item number .T45 2014eb
082 04 - DEWEY DECIMAL CLASSIFICATION NUMBER
Classification number 274
Edition number 23
100 1# - MAIN ENTRY--PERSONAL NAME
Personal name Thibeault, Jason.
245 10 - TITLE STATEMENT
Title Recommend this! :
Remainder of title delivering digital experiences that people want to share /
Statement of responsibility, etc Jason Thibeault, Kirby Wadsworth.
264 #1 - PRODUCTION, PUBLICATION, DISTRIBUTION, MANUFACTURE, AND COPYRIGHT NOTICE
Place of production, publication, distribution, manufacture Hoboken, New Jersey :
Name of producer, publisher, distributor, manufacturer John Wiley and Sons,
Date of production, publication, distribution, manufacture, or copyright notice [2014]
Date of production, publication, distribution, manufacture, or copyright notice �2014
300 ## - PHYSICAL DESCRIPTION
Extent 1 online resource (274 pages)
336 ## - CONTENT TYPE
Content type term text
Source rdacontent
337 ## - MEDIA TYPE
Media type term computer
Source rdamedia
338 ## - CARRIER TYPE
Carrier type term online resource
Source rdacarrier
504 ## - BIBLIOGRAPHY, ETC. NOTE
Bibliography, etc Includes bibliographical references and index.
588 ## - SOURCE OF DESCRIPTION NOTE
Source of description note Description based on print version record.
590 ## - LOCAL NOTE (RLIN)
Local note Electronic reproduction. Palo Alto, Calif. : ebrary, 2014. Available via World Wide Web. Access may be limited to ebrary affiliated libraries.
650 #0 - SUBJECT ADDED ENTRY--TOPICAL TERM
Topical term or geographic name as entry element Internet marketing.
Topical term or geographic name as entry element Information society.
Topical term or geographic name as entry element Information technology
General subdivision Social aspects.
Topical term or geographic name as entry element Internet
General subdivision Social aspects.
Topical term or geographic name as entry element Virtual reality.
655 #0 - INDEX TERM--GENRE/FORM
Genre/form data or focus term Electronic books.
700 1# - ADDED ENTRY--PERSONAL NAME
Personal name Wadsworth, Kirby.
776 08 - ADDITIONAL PHYSICAL FORM ENTRY
Display text Print version:
Main entry heading Thibeault, Jason.
Title Recommend this! : delivering digital experiences that people want to share.
Place, publisher, and date of publication Hoboken, New Jersey : John Wiley and Sons, [2014]
Physical description xiv, 258 pages
International Standard Book Number 9781118836699
Record control number (DLC)17962825
797 2# - LOCAL ADDED ENTRY--CORPORATE NAME (RLIN)
Corporate name or jurisdiction name as entry element ebrary.
856 40 - ELECTRONIC LOCATION AND ACCESS
Uniform Resource Identifier <a href="http://site.ebrary.com/lib/rucke/Doc?id=10830391">http://site.ebrary.com/lib/rucke/Doc?id=10830391</a>
Public note An electronic book accessible through the World Wide Web; click to view

No items available.

© 2026 Rongo University
Contact us: librarian | system librarian | Rongo university